Logo BPK

Biblioteka

Politechniki Koszalińskiej

Zeichen der Zeit : (Rekord nr 50262)

Szczegóły MARC
000 -ETYKIETA REKORDU
podpole kontrolne o stałej długości 00770nam a2200241 i 4500
001 - NUMER KONTROLNY REKORDU
pole kontrolne bgj
020 ## - MIĘDZYNARODOWY ZNORMALIZOWANY NUMER KSIĄŻKI - ISBN
ISBN 3472613548
040 ## - ŹRÓDŁO KATALOGOWANIA
Instytucja, która utworzyła rekord BPK
041 0# - KOD JĘZYKA
Kod języka tekstu ger
044 ## - KOD KRAJU WYDAWCY/PRODUCENTA
Kod kraju wydawcy/producenta DEU
080 ## - UNIWERSALNA KLASYFIKACJA DZIESIĘTNA - UKD
UKD 821.112.2(091)
920 ## - Międzynarodowy znormalizowany numer książki – ISBN
ISBN 3-472-61354-8
008 - POLE O STAŁEJ DŁUGOŚCI - DANE KONTROLNE
podpole kontrolne o stałej długości s gw f |000 0 ger
245 10 - TYTUŁ/ODPOWIEDZIALNOŚĆ
Tytuł Zeichen der Zeit :
Ciąg dalszy tytułu ein deutsches Lesebuch in vier Bänden.
Pozostałe elementy strefy tytułu i oznaczenia odpowiedzialności hrsg. von Walther Killy.
Oznaczenie części/sekcji dzieła Bd. 4,
Tytuł części/sekcji dzieła Vervandlung der Wirklichkeit : [von 1880 bis zum 2. Weltkrieg] /
260 ## - STREFA ADRESU WYDAWNICZEGO
Miejsce wydania Darmstadt ;
-- Neuwied :
Nazwa wydawcy/dystrybutora Luchterhand,
Data publikacji, dystrybucji/powstania dokumentu c. 1981.
300 ## - STREFA OPISU FIZYCZNEGO
Objętość 339 s. ;
Rozmiary 18 cm.
490 1# - STREFA SERII I DOKUMENTU WIELOCZĘŚCIOWEGO - FORMA NIE DO WYSZUKIWANIA
Tytuł i oznaczenie odpowiedzialności serii Sammlung Luchterhand
Numeracja w obrębie serii 354
504 ## - UWAGA DOTYCZĄCA BIBLIOGRAFII
Informacje o bibliografii Bibliogr. s. 327-339.
650 9# - HASŁO PRZEDMIOTOWE W FORMIE NAZWY OGÓLNEJ LUB JEDNOSTKOWEJ
Nazwa ogólna lub geograficzna Literatura niemiecka
Określnik ogólny historia
Określnik chronologiczny 1880-1939
700 1# - HASŁO DODATKOWE - NAZWA OSOBOWA
Nazwa osobowa KILLY, Walther.
830 ## - HASŁO DODATKOWE SERII LUB DOKUMENTU WIELOCZĘŚCIOWEGO - TYTUŁ UJEDNOLICONY
Tytuł ujednolicony Sammlung Luchterhand
856 ## - LOKALIZACJA I DOSTĘP DO ELEKTRONICZNYCH DOKUMENTÓW ZDALNYCH
Link (URL) http://koha.tu.koszalin.pl/cgi-bin/koha/opac-detail.pl?biblionumber=50262
Tekst linku Katalog online BPK
942 ## - DODATKOWE ELEMENTY (KOHA)
Typ dokumentu Książka
Egzemplarze
Wycofany Status egzemplarza Uszkodzony Dostępność Lokalizacja stała Lokalizacja bieżąca Miejsce przechowywania Sygnatura Kod kreskowy Typ dokumentu
      Tylko na miejscu Biblioteka Politechniki Koszalińskiej Biblioteka Politechniki Koszalińskiej Czytelnia Wydziałowa ul. Kwiatkowskiego 6e N 147 02439976 Książka
© 2023 Biblioteka Politechniki Koszalińskiej :: KOHA